Kedy sa má a kedy sa nakupuje

Analýza správania investorov do podielových fondov a ich reakcie na dosiahnuté výkonnosti. Výber a vývoj fondov. Charakteristika jednotlivých fondov. Zhodnotenie výsledkov.

Guardado en:
Detalles Bibliográficos
Autor principal: Kmeťko, Miroslav, 1969-
Formato: Capítulo de libro
Lenguaje:eslovaco
Materias:
Etiquetas: Agregar Etiqueta
Sin Etiquetas, Sea el primero en etiquetar este registro!

MARC

LEADER 00000naa$a2200000$$$4500
001 0070755
005 20240502071839.9
041 0 |a slo 
044 |a SK 
245 1 0 |a Kedy sa má a kedy sa nakupuje  |c Miroslav Kmeťko 
520 |a Analýza správania investorov do podielových fondov a ich reakcie na dosiahnuté výkonnosti. Výber a vývoj fondov. Charakteristika jednotlivých fondov. Zhodnotenie výsledkov. 
610 2 0 |a správanie 
610 2 0 |a investori 
610 2 0 |a fondy peňažné 
610 2 0 |a fondy dlhopisové 
610 2 0 |a fondy podielové 
100 1 |a Kmeťko, Miroslav, 1969-